Представление документа в формате RUSMARC

ПолеНазваниеЗначение
  Тип записи a
  Библиографический уровень m
001 Контрольный номер RU/CBS_UL/BASE/d1ec189bfea849c6b12146737530ddf7
005 Дата корректировки 20260408134244.9
010 Индекс ISBN __
a ISBN 978-5-89355-673-5
b Уточнения в пер.
d Цена 165 р. 00 к.
9 Тираж 5 000 экз.
100 Данные общей обработки __
a Данные общей обработки 20260408d 0rusy0189## ca
101 Язык документа 0_
a Язык текста rus
102 Страна публикации __
a Страна публикации RU
200 Заглавие и сведения об ответственности 1_
a Заглавие Прямая угроза
e Сведения, относящиеся к заглавию пер. с англ.
g Последующие сведения об ответственности [гл. ред. Э. Медведева]
210 Выходные данные 1_
a Место издания Москва
c Издательство Ридерз Дайджест
d Дата издания 2012
215 Физическое описание __
a Объем 542, [1] с.
c Иллюстрации/тип воспроизводства ил.
d Формат 22 см.
225 Серия 2_
a Серия Английский детектив
300 Общие примечания __
a Общие примечания 18+
300 Общие примечания __
a Общие примечания Содерж.: Прямая угроза / С. Римингтон. Человек на картине / С. Хилл. Страна теней / М. Ридпат. Скелет среди холмов / П. Ловси
606 Тематические рубрики 0_
a Основная рубрика Английская литература, 20-21 вв. - Детективы
610 Ключевые слова 0_
a Ключевые слова детективы английские; убийства странные; расследования; тайны прошлого; террористы
686 Индексы других классификаций __
2 Код системы rubbk
a Классификационный индекс 84(4Англ)
801 Источник записи _0
a Страна RU
b Организация МБУК ЦБС г. Ульяновска
c Дата составления 20260408
g Правила каталогизации RCR
801 Источник записи _1
a Страна RU
b Организация МБУК ЦБС г. Ульяновска
c Дата составления 20260408
g Правила каталогизации RCR
852 Данные о местонахождении __
i Авторский знак П 85
j Шифр хранения И(Англ)
900 Электронные ресурсы __
a Имя электронного ресурса пр уг
901 Тип документа __
t Тип документа m
909 Создатель записи __
a Создатель записи obr4
b Дата создания записи 20260408